| 000 | 00000nas 2200000za 4500 |
| 001 | 9.505769 |
| 003 | CaOODSP |
| 005 | 20251118150545 |
| 007 | cr ||||||||||| |
| 008 | 150406c20029999oncar p o f0 a0eng|d |
| 020 | |z0-662-68498-2|z0-662-69295-0|z0-662-49539-X|z978-0-662-05127-5|z978-1-100-11270-1|z978-1-100-14029-2 |
| 022 | |a1706-3329 |
| 040 | |aCaOODSP|beng |
| 043 | |an-cn--- |
| 086 | 1 |aCi1E-PDF |
| 110 | 1 |aCanada. |bCitizenship and Immigration Canada. |
| 210 | 0 |aAnnu. rep. Parliam. immigr. |b(Online) |
| 222 | 0|aAnnual report to Parliament on immigration |b(Online) |
| 240 | 10|aAnnual report to Parliament on immigration (Online) |
| 245 | 10|aAnnual report to Parliament on immigration |h[electronic resource]. |
| 260 | |aOttawa : |bCitizenship and Immigration Canada, |c2002- |
| 310 | |aAnnual |
| 362 | 0 |a2002- |
| 520 | 3 |aPresents an overview of the current context of Canada’s immigration program, a review of some of the key challenges facing the Department and the initiatives it has developed in response. |
| 530 | |aIssued also in print version. |
| 550 | |aIssued 2015- by Immigration, Refugees and Citizenship Canada. |
| 692 | 07|2gccst|aImmigration |
| 710 | 1 |aCanada. |bImmigration, Refugees and Citizenship Canada. |
| 775 | 08|tRapport annuel au Parlement sur l'immigration |w(CaOODSP)9.502174 |
| 776 | 0#|tAnnual report to Parliament on immigration |w(CaOODSP)9.511716 |